Программа и тезисы 23-й Российской конференции по холодной трансмутации ядер химических элементов и шаровой молнии, Дагомыс, Сочи, Краснодарский край, 19-26 июня 2016 г. (Запись № 11783109)

Подробности
000 -МАРКЕР
контрольное поле 02380nam0a2200397 i 4500
001 - ИДЕНТИФИКАТОР ЗАПИСИ
контрольное поле RU\NLR\BIBL_A\011174304
005 - ИДЕНТИФИКАТОР ВЕРСИИ
контрольное поле 20241101114644.0
010 ## - МЕЖДУНАРОДНЫЙ СТАНДАРТНЫЙ НОМЕР КНИГИ (ISBN)
Номер (ISBN) 9785932716786
Тираж 100
021 ## - НОМЕР ГОСУДАРСТВЕННОЙ РЕГИСТРАЦИИ
Код страны российская федерация
Номер 2016-49905
Номер Листа государственной регистраци 3200
035 ## - ДРУГИЕ СИСТЕМНЫЕ НОМЕРА
Идентификатор записи (NILC)RuMoRGB-008526995
035 ## - ДРУГИЕ СИСТЕМНЫЕ НОМЕРА
Идентификатор записи (NLR Aleph) 011174304
100 ## - ДАННЫЕ ОБЩЕЙ ОБРАБОТКИ
Данные общей обработки 20160711d2016 km y0rusy50 ca
101 0# - ЯЗЫК РЕСУРСА
Язык текста, звукозаписи и т.д. русский
-- английский
102 ## - СТРАНА ПУБЛИКАЦИИ ИЛИ ПРОИЗВОДСТВА
Страна публикации российская федерация
105 ## - ПОЛЕ КОДИРОВАННЫХ ДАННЫХ: ТЕКСТОВЫЕ МАТЕРИАЛЫ, МОНОГРАФИЧЕСКИЕ
Кодированные данные о монографическом текстовом документе y z 100yy
200 1# - ЗАГЛАВИЕ И СВЕДЕНИЯ ОБ ОТВЕТСТВЕННОСТИ
Основное заглавие Программа и тезисы 23-й Российской конференции по холодной трансмутации ядер химических элементов и шаровой молнии, Дагомыс, Сочи, Краснодарский край, 19-26 июня 2016 г.
Параллельное заглавие Program & abstracts of the 23-th Russian conference on cold nuclear transmutations of chemical elements and ball lightning, Dagomys, Sochi, Krasnodar region, June 19-26, 2016
Язык параллельного заглавия английский
210 ## - ПУБЛИКАЦИЯ, РАСПРОСТРАНЕНИЕ И ДР.
Место издания, распространения и т.д. Москва
Имя издателя, распространителя и т. д. Эрзион
Дата издания, распространения и т.д. 2016
215 ## - ФИЗИЧЕСКАЯ ХАРАКТЕРИСТИКА
Специфическое обозначение материала и объем 42 с.
Размеры 21
300 ## - ОБЩИЕ ПРИМЕЧАНИЯ
Текст примечания Текст парал. рус., англ.
300 ## - ОБЩИЕ ПРИМЕЧАНИЯ
Текст примечания В надзаг.: Рос. физическое о-во, Ядер. о-во России, Рос. хим. о-во им. Д.И. Менделеева [и др.]
320 ## - ПРИМЕЧАНИЯ О НАЛИЧИИ В ДОКУМЕНТЕ БИБЛИОГРАФИИ / УКАЗАТЕЛЯ
Текст примечания Библиогр. в подстроч. примеч.
510 1# - ПАРАЛЛЕЛЬНОЕ ЗАГЛАВИЕ
Связь между полями z01791
Параллельное заглавие Program & abstracts of the 23-th Russian conference on cold nuclear transmutations of chemical elements and ball lightning, Dagomys, Sochi, Krasnodar region, June 19-26, 2016
Язык заглавия английский
606 ## - НАИМЕНОВАНИЕ ТЕМЫ КАК ПРЕДМЕТ
Наименование темы Молния шаровая
Формальный подзаголовок Тезисы докладов
Системный номер авторитетной/нормативной записи 1617029
Идентификатор авторитетной/нормативной записи RU\NLR\AUTH\66713116
606 1# - НАИМЕНОВАНИЕ ТЕМЫ КАК ПРЕДМЕТ
Наименование темы Атомное ядро
Формальный подзаголовок Тезисы докладов
Тематический подзаголовок Трансмутация
Системный номер авторитетной/нормативной записи 2115394
Идентификатор авторитетной/нормативной записи RU\NLR\AUTH\661278005
675 ## - УНИВЕРСАЛЬНАЯ ДЕСЯТИЧНАЯ КЛАССИФИКАЦИЯ (UDC/УДК)
Индекс 539.1
686 1# - ИНДЕКСЫ ДРУГИХ КЛАССИФИКАЦИЙ
Индекс В383.2я431(2)
686 1# - ИНДЕКСЫ ДРУГИХ КЛАССИФИКАЦИЙ
Индекс Д236.471.2я431(2)
710 12 - НАИМЕНОВАНИЕ ОРГАНИЗАЦИИ - ПЕРВИЧНАЯ ОТВЕТСТВЕННОСТЬ
Начальный элемент ввода Российская конференция по холодной трансмутации ядер химических элементов и шаровой молнии
Порядковый номер временной организации и / или порядковый номер ее части 23
Место проведения временной организации Сочи
Дата проведения временной организации 2016
Системный номер авторитетной/нормативной записи 523804
Идентификатор авторитетной/нормативной записи RU\NLR\AUTH\880429704
791 12 - НАИМЕНОВАНИЕ ОРГАНИЗАЦИИ - АЛЬТЕРНАТИВНАЯ ФОРМА
Графика поля Латинская
Материалы, к которым относится поле eng
Начальный элемент ввода Russian conference on cold nuclear transmutation of chemical elements and ball lightning
Порядковый номер временной организации и / или порядковый номер ее части 23
Место проведения временной организации Sochi
Дата проведения временной организации 2016
Системный номер авторитетной/нормативной записи 523809
Идентификатор авторитетной/нормативной записи RU\NLR\AUTH\880429707
801 #0 - ИСТОЧНИК ЗАПИСИ
Страна российская федерация
Организация РГБ
Дата составления 20160623
Правила каталогизации RCR
942 ## - ДОПОЛНИТЕЛЬНЫЕ ЭЛЕМЕНТЫ ЗАПИСИ (АБИС)
Тип экземпляра АБИС Книга
980 ## - КОЛЛЕКЦИЯ
Название коллекции НБР

Нет доступных экземпляров.